000 00455nam a22001577a 4500
005 20241217121008.0
008 241217b |||||||| |||| 00| 0 eng d
020 _a0697123367
050 _aQP36
_b.M2
100 _aMader, Sylvia S.
245 _aLaboratory Manual/
_bHuman Biology
_cSylvia S. Mader
250 _a3rd ed.
260 _aDubuque
_bWm. C. Brown Publishers
_c1992
300 _aviii.238p.
_bill. some color
_c27.5cm
942 _2lcc
_cBK
_e3rd ed.
_n0
999 _c2385
_d2385